00433nam a2200169Ia 450000500170000000800460001703700130006304000200007604100130009608400200010910000160012924500300014526000400017530000090021594200180022499900210024220250317123433.0008 250317s9999 xx 000 0 eng d aTextbook aFMSLbengcFMSL aeng2eng aBobX:8 L1qFMSL aBattersby A 0aMathematies in management aLondonbLondon, Penguin Booksc1971 a255p cTBhBobX:8 L1 c1251240d1251240